| 000 | 02030cam a22004694i 4500 | ||
|---|---|---|---|
| 003 | PE-LiUPU | ||
| 005 | 20250731173326.0 | ||
| 008 | 150625s r 000 0 d | ||
| 020 | _a0825431972 | ||
| 035 | _a(Sirsi) i9780825431975 | ||
| 040 |
_aPE-LiUPU _bspa _cPE-LiUPU _erda |
||
| 049 | _aPRUA | ||
| 082 | 0 | 4 |
_a241.641 _bM57 _221 |
| 100 | 1 |
_aMilco, Michael R., _eautor. |
|
| 245 | 1 | 0 |
_aEthical dilemmas in church leadership : _bCase studies in biblical decision making / _cMichael R. Milco. |
| 264 | 1 |
_aGrand Rapids, MI : _bKregel, _c1997. |
|
| 300 |
_a192 páginas : _bilustraciones ; _c22 centímetros |
||
| 336 |
_atext _2rdacontent |
||
| 337 |
_aunmediated _2rdamedia |
||
| 338 |
_avolume _2rdacarrier |
||
| 504 | _aIncluye bibliografía. | ||
| 505 | 0 | _aEstablishing ethical foundations and perspectives. -Abuse inside the church. -AIDS among the flock. -Ordained infidelities. -Conversations behind closed doors. -Answering cries for help. -Fumbling with figures. -Crisis pregnancies. -When the closet is opened. -Concluding thoughts. -Putting it into practice. -Child abuse prevention policies. -Infectious disease/HIV policies. -Patterns predicting pastoral infidelity. | |
| 526 | _aSEG42 | ||
| 526 | _aSEG41 | ||
| 526 | _aSEG40 | ||
| 526 | _aSEG39 | ||
| 526 | _aP94 | ||
| 526 | _aP87 | ||
| 526 | _aP86 | ||
| 526 | _aP85 | ||
| 526 | _aP77 | ||
| 526 | _aP76 | ||
| 526 | _aP35 | ||
| 541 | _g103-8190058-5681041; | ||
| 650 | 0 | 4 |
_aClérigos _xEtica profesional _vEstudio de caso. |
| 650 | 0 | 4 |
_aLiderazgo cristiano _vEstudio de caso. |
| 942 |
_2ddc _cBOOK |
||
| 949 |
_a241.641 M57 _wDEWEY _c1 _i58656 _lCCODEBUL1 _mBUL _p12.00 _r0 _sY _tBOOK _u2015-6-25 _xTEOLOGIA _zUNKNOWN _0COMPRA _o.STAFF. Colección General |
||
| 994 |
_aC0 _bPEPRU |
||
| 596 | _a1 | ||
| 999 |
_a241.641 M57 _wDEWEY _c47536 _i58656 _f2021-11-10 _g5 _lCCODEBUL1 _mBUL _p12.00 _r0 _sY _tBOOK _u2015-6-25 _xTEOLOGIA _zUNKNOWN _0COMPRA _o.STAFF. Colección General _d47536 |
||
| 980 |
_81 _gALBERTO SANCHEZ Responsable de Automatización |
||